000 00632nam a2200193 a 4500
001 000010364
005 20250129121827.0
008 091006s1986 dr r 000 p spa d
040 _aDO-SdBNP
_bspa
_cBNPHU
082 _aRD861.44
_bG261ri
100 1 _aGatón Arce, Freddy,
_d1920-1994
_97946
245 1 4 _aLos ríos hacen voca /
_cFreddy Gatón Arce.
260 _aSanto Domingo :
_bEdiciones "La poesia sorprendida";
_bTaller,
_c1986.
300 _a78 p. ;
_c22 cm.
590 _aInventariado, 2018/BT
650 0 _aPoesía dominicana
_966
650 0 _aLiteratura dominicana.
_967
910 _aValidado. Control de calidad MMOLINA
999 _c10123
_d10123